000 01938cam a22004337a 4500
003 CHAP
005 20220329140813.0
008 971013s1978 r 00010 d
010 _a57871
011 _a58843
035 _a62999
040 _cCHAP
082 _a574.87
_bD8Y 1978
100 0 0 _aDurand, Michael.
_934546
245 1 3 _aLa célula :
_bestructura y anatomía molecular
260 _aBarcelona :
_bOmega,
_c1978
300 _a370 p.
_b: ilus.
500 _ac.8 sust. por Pelczar, Michael J. Microbiología c.3
500 _aTrad. de la 2 ed. en francés de ?
590 _aBATCH-UPD
_b10
_c20130110
_lUCH01
_h1848
590 _aBATCH-UPD
_b10
_c20130410
_lUCH01
_h1217
590 _aBATCH-UPD
_b10
_c20130914
_lUCH01
_h0943
590 _aCONVERSION
_b10
_c20130109
_lUCH01
_h1331
650 1 4 _aCitología.
_923489
700 0 _aFavard, Pierre.
_939867
901 _aBK
942 _cLIBRO
949 _a574.87 D8Y 1978
_bBC
_cLIBRO
_d-135208
_eLIBRO
_fc.7
_h50417
_i62999
_si
_t660.00
949 _a574.87 D8Y 1978
_bBC
_cLIBRO
_d33724000473419
_eLIBRO
_fc.4
_h50411
_i62999
_si
_t660.00
949 _a574.87 D8Y 1978
_bBC
_cLIBRO
_d33724000473435
_eLIBRO
_fc.10
_h50420
_i62999
_si
_t660.00
949 _a574.87 D8Y 1978
_bBC
_cLIBRO
_d33724000473534
_eLIBRO
_fc.2
_h50412
_i62999
_si
_t660.00
949 _a574.87 D8Y 1978
_bBC
_cLIBRO
_d33724000473625
_eLIBRO
_h50411
_i62999
_si
_t660.00
949 _a574.87 D8Y 1978
_bBC
_cLIBRO
_d33724000473633
_eLIBRO
_fc.9
_h50419
_i62999
_si
_t660.00
949 _a574.87 D8Y 1978
_bBC
_cLIBRO
_d33724000473641
_eLIBRO
_fc.3
_h50413
_i62999
_si
_t660.00
949 _a574.87 D8Y 1978
_bBC
_cLIBRO
_d33724000580601
_eLIBRO
_fc.11
_h62987
_i62999
_si
_t660.00
949 _a574.87 D8Y 1978
_bBC
_cLIBRO
_d33724000600094
_eLIBRO
_fc.5
_h50415
_i62999
_so
_t660.00
949 _a574.87 D8Y 1978
_bBC
_cLIBRO
_d33724000804977
_eLIBRO
_fc.6
_h50416
_i62999
_si
_t660.00
949 _a574.87 D8Y 1978
_bBC
_cLIBRO
_dD_1BB18
_eLIBRO
_fc.8
_h50418
_i62999
_si
_t660.00
999 _c57871
_d57871